Statistics (Record no. 5556)

MARC details
000 -LEADER
fixed length control field 00379nam a22001457a 4500
005 - DATE AND TIME OF LATEST TRANSACTION
control field 20170909140145.0
008 - FIXED-LENGTH DATA ELEMENTS--GENERAL INFORMATION
fixed length control field 170909b xxu||||| |||| 00| 0 eng d
020 ## - INTERNATIONAL STANDARD BOOK NUMBER
ISBN 978-81-203-3445-8
041 ## - LANGUAGE CODE
Language code of text/sound track or separate title eng
100 ## - MAIN ENTRY--AUTHOR NAME
Personal name Pal,Nabendu,Sarkar Sahadeb
245 ## - TITLE STATEMENT
Title Statistics
Medium [electronic resource]
260 ## - PUBLICATION, DISTRIBUTION, ETC. (IMPRINT)
Name of publisher PHI
300 ## - PHYSICAL DESCRIPTION
Number of Pages 1 CD-ROM
Accompanying material Received along with book.
942 ## - ADDED ENTRY ELEMENTS (KOHA)
Koha item type CD/DVD
Holdings
Lost status Damaged status Home library Current library Date acquired Accession Number Koha item type
    JRU Library   09/09/2017 STA0001 CD/DVD
    JRU Library   09/09/2017 STA0002 CD/DVD
    JRU Library   09/09/2017 STA0003 CD/DVD